|
|
|
|
| LEADER |
00000caa a2200000 c 4500 |
| 001 |
1641181117 |
| 003 |
DE-627 |
| 005 |
20220608133435.0 |
| 007 |
tu |
| 008 |
141110s1970 xx ||||| 00| ||ger c |
| 035 |
|
|
|a (DE-627)1641181117
|
| 035 |
|
|
|a (DE-576)416831494
|
| 035 |
|
|
|a (DE-599)BSZ416831494
|
| 040 |
|
|
|a DE-627
|b ger
|c DE-627
|e rakwb
|
| 041 |
|
|
|a ger
|
| 245 |
0 |
0 |
|a Bericht über das Kolloquium "Die Untersuchungshaft im ausländischen und deutschen Recht" anläßlich der Sitzung des Kuratoriums des max-Planck-Instituts für ausländisches und internationales Strafrecht am 6.3.1970 in Freiburg i. Br.
|
| 264 |
|
1 |
|c 1970
|
| 336 |
|
|
|a Text
|b txt
|2 rdacontent
|
| 337 |
|
|
|a ohne Hilfsmittel zu benutzen
|b n
|2 rdamedia
|
| 338 |
|
|
|a Band
|b nc
|2 rdacarrier
|
| 773 |
0 |
8 |
|i In
|t Zeitschrift für die gesamte Strafrechtswissenschaft
|d Berlin [u.a.] : de Gruyter, 1881
|g 82(1970), 4, Seite 1117-1135
|w (DE-627)129491098
|w (DE-600)206260-4
|w (DE-576)014885867
|x 0084-5310
|7 nnas
|
| 773 |
1 |
8 |
|g volume:82
|g year:1970
|g number:4
|g pages:1117-1135
|
| 951 |
|
|
|a AR
|
| ELC |
|
|
|b 1
|
| LOK |
|
|
|0 000 xxxxxcx a22 zn 4500
|
| LOK |
|
|
|0 001 3303780420
|
| LOK |
|
|
|0 003 DE-627
|
| LOK |
|
|
|0 004 1641181117
|
| LOK |
|
|
|0 005 20250312100420
|
| LOK |
|
|
|0 008 141110||||||||||||||||ger|||||||
|
| LOK |
|
|
|0 040
|a DE-21-110
|c DE-627
|d DE-21-110
|
| LOK |
|
|
|0 689
|a s
|a Untersuchungshaft
|
| LOK |
|
|
|0 689
|a g
|a Deutschland
|
| LOK |
|
|
|0 689
|a f
|a Tagungsbericht
|
| LOK |
|
|
|0 852
|a DE-21-110
|
| LOK |
|
|
|0 852 1
|m p
|9 00
|
| LOK |
|
|
|0 935
|a k110
|
| LOK |
|
|
|0 938
|k p
|
| LOK |
|
|
|0 939
|a 10-11-14
|b l01
|
| ORI |
|
|
|a SA-MARC-krimdoka001.raw
|